Neofax. (Registro nro. 378)

Detalles MARC
000 -LEADER
fixed length control field 00775 am a2200229 a 4500
005 - FECHA ULTIMA MODIFICACION
control field 20240625110722.0
008 - CAMPO DE CONTROL (LIBRO)
fixed length control field 100616s2000||||ag d f |||| 001 0 spa d
020 ## - INTERNATIONAL STANDARD BOOK NUMBER
ISBN 9500615223
041 ## - CODIGO DE IDIOMA
Código de idioma del texto/pista de sonido o título separado spa
092 ## - SIGNATURA TOPOGRAFICA DEWEY LOCAL
número de clasificación 615.2
libristica 97
sección YOU
100 1# - ENTRADA PRINCIPAL--NOMBRE PERSONAL
Nombre personal Young, Thomas E.
9 (RLIN) 1212
245 ## - TITULO PROPIAMENTE DICHO
Título Neofax.
Subtítulo y Título paralelo Manual de drogas neonatológicas /
Mención de responsabilidad y remanente de la transcripción de la portada Thomas E. Young
250 ## - MENCION DE EDICION
Mención de edición 12a ed.
Mención de responsabilidad relacionada con la ed. Traducción de Diana S. Klajn
260 ## - PIE DE IMPRENTA
Lugar de publicación, distribución, etc Buenos Aires:
Nombre de la editorial, distribuidor, etc Editorial Médica Panamericana;
Fecha de publicación 2000.
300 ## - DESCRIPCION FISICA
Extension 369 p.
500 ## - NOTA GENERAL
Nota general Young, T. E. y Mangum, O. B. (2000). Neofax. Manual de drogas neonatológicas. (12a ed.). Buenos Aires : Editorial Médica Panamericana.
653 ## - TÉRMINO INDIZADO - PALABRAS CLAVES
Palabra clave Farmacología
653 ## - TÉRMINO INDIZADO - PALABRAS CLAVES
Palabra clave Neonatología
700 1# - ENTRADAS SECUNDARIAS - NOMBRE PERSONAL
Nombre personal Mangum, O. Barry.
9 (RLIN) 1213
930 ## - NUMERO DE INVENTARIO
Número de inventario 1681
942 ## - ADDED ENTRY ELEMENTS (KOHA)
Source of classification or shelving scheme Dewey Decimal Classification
Item type Libros
Existencias
Estado de retiro Existencia Estado general No para prestamo Ubicación permanente ubicación actual Sala de ubicación Fecha de adquisición Total Checkouts Número de clasificación Código de barras Date last seen Número de ejemplar Price effective from Koha tipo de elemento (item)
        Biblioteca Medicina Biblioteca Medicina Circulación 13/05/2011   615.2 97 YOU 1681 13/05/2011 ej.1 13/05/2011 Libros

UNIVERSIDAD NACIONAL DEL COMAHUE
Biblioteca de la Facultad de Ciencias Médicas
Sede Toschi: Los Arrayanes y Av. Toschi, Cipolletti  - Rio Negro
Sede Los Tordos:  Yrigoyen al 2211, Cipolletti - Rio Negro 

Teléfono: 0299 - 4774707 int 25
Contacto: biblioteca@facimed.uncoma.edu.ar
© 2011 - 2026